Cricket: Most Individual Career T20i Fifties - Statistics

General Stats
  • This quiz has been taken 17 times
  • The average score is 18 of 28
Answer Stats
Country Innings 50s Answer % Correct
WI 57 15 Chris Gayle
100%
AUS 81 19 David Warner
100%
NZ 95 19 Martin Guptill
100%
IND 103 26 Rohit Sharma
100%
IND 84 28 Virat Kohli
100%
AUS 71 16 Aaron Finch
88%
PAK 45 16 Babar Azam
88%
SA 75 10 AB de Villiers
82%
NZ 65 13 Kane Williamson
82%
ENG 97 14 Eoin Morgan
76%
ENG 71 12 Jos Buttler
76%
IRE 77 18 Paul Stirling
76%
SA 50 11 Faf du Plessis
71%
NZ 62 15 Brendon McCullum
65%
IND 45 14 KL Rahul
65%
PAK 94 14 Mohammad Hafeez
65%
SL 55 10 Mahela Jayawardene
59%
SL 79 14 Tillakaratne Dilshan
59%
AUS 65 12 Glenn Maxwell
53%
NZ 62 14 Colin Munro
47%
ENG 24 11 Dawid Malan
41%
SA 75 11 JP Duminy
41%
IND 63 11 Shikhar Dhawan
41%
SL 46 12 Kusal Perera
35%
AFG 65 13 Mohammad Shahzad
35%
AUS 56 11 Shane Watson
35%
ZIM 66 11 Hamilton Masakadza
18%
WI 65 10 Marlon Samuels
18%
No matching quizzes found
Score Distribution
Percent of People with Each Score
Percentile by Number Answered
Your Score History
You have not taken this quiz